LIBRARY & INFORMATION CENTRE, KCAET, TAVANUR

ONLINE PUBLIC ACCESS CATALOGUE (OPAC)

Clarissa / (Record no. 11835)

MARC details
000 -LEADER
fixed length control field 00337cam a2200133ua 4500
041 ## - LANGUAGE CODE
Language code of text/sound track or separate title eng
082 ## - DEWEY DECIMAL CLASSIFICATION NUMBER
Classification number 823.308
Item number RIC/CL
100 ## - MAIN ENTRY--AUTHOR NAME
Personal name Richardson, samuel .
245 ## - TITLE STATEMENT
Title Clarissa /
260 ## - PUBLICATION, DISTRIBUTION, ETC. (IMPRINT)
Place of publication London :
Name of publisher Everymans Library ,
Year of publication 1962.
300 ## - PHYSICAL DESCRIPTION
Number of Pages 598 ; .

No items available.

free website counter